Law of Contract with special emphasis on the law relating to Government Law of Contract with special emphasis on the law relating to Government contracts, tenders and blacklisting. 2V (Record no. 34025)

MARC details
000 -LEADER
fixed length control field 00612nam a2200181Ia 4500
008 - FIXED-LENGTH DATA ELEMENTS--GENERAL INFORMATION
fixed length control field 230917s9999||||xx |||||||||||||| ||und||
020 ## - ISBN
Price RS3990
040 ## - CATALOGING SOURCE
-- 211890
Original cataloging agency VIVEKANANDA LIBRARY
041 ## - Language
-- English
082 ## - DDC NUMBER
Classification number 346.022 M34L(3)
100 ## - MAIN ENTRY--PERSONAL NAME
Personal name Markanda, P C
245 #0 - TITLE STATEMENT
Title Law of Contract with special emphasis on the law relating to Government Law of Contract with special emphasis on the law relating to Government contracts, tenders and blacklisting. 2V
250 ## - EDITION STATEMENT
Edition statement 3rd ed.
260 ## - PUBLICATION, DISTRIBUTION, ETC. (IMPRINT)
Place of publication, distribution, etc Gurgaon
Name of publisher, distributor, etc LexisNexis
Date of publication, distribution, etc 2013
300 ## - PHYSICAL DESCRIPTION
Pages v. p.
500 ## - GENERAL NOTE
General note 3857 31/10/2013 123 23/11/2013 Main Budget
942 ## - ADDED ENTRY ELEMENTS (KOHA)
Koha item type Books
Holdings
Withdrawn status Lost status Damaged status Not for loan Location (home branch) Sublocation or collection (holding branch) Date acquired Koha issues (times borrowed) Koha full call number Accession No. Koha date last seen Koha item type
        VIVEKANANDA LIBRARY VIVEKANANDA LIBRARY 13/03/2014   346.022 M34L(3) 329367 17/09/2023 Books
        VIVEKANANDA LIBRARY VIVEKANANDA LIBRARY 13/03/2014 1 346.022 M34L(3) 329368 12/05/2025 Books
        VIVEKANANDA LIBRARY VIVEKANANDA LIBRARY 13/03/2014   346.022 M34L(3) 329369 17/09/2023 Books
        VIVEKANANDA LIBRARY VIVEKANANDA LIBRARY 13/03/2014   346.022 M34L(3) 329370 17/09/2023 Books
        VIVEKANANDA LIBRARY VIVEKANANDA LIBRARY 13/03/2014   346.022 M34L(3) 329371 17/09/2023 Books
        VIVEKANANDA LIBRARY VIVEKANANDA LIBRARY 13/03/2014   346.022 M34L(3) 329372 17/09/2023 Books
        VIVEKANANDA LIBRARY VIVEKANANDA LIBRARY 13/03/2014   346.022 M34L(3) 329373 17/09/2023 Books
        VIVEKANANDA LIBRARY VIVEKANANDA LIBRARY 13/03/2014   346.022 M34L(3) 329374 17/09/2023 Books
        VIVEKANANDA LIBRARY VIVEKANANDA LIBRARY 13/03/2014   346.022 M34L(3) 329375 17/09/2023 Books
        VIVEKANANDA LIBRARY VIVEKANANDA LIBRARY 13/03/2014   346.022 M34L(3) 329376 17/09/2023 Books
        VIVEKANANDA LIBRARY VIVEKANANDA LIBRARY 13/03/2014   346.022 M34L(3) 329377 17/09/2023 Books
        VIVEKANANDA LIBRARY VIVEKANANDA LIBRARY 13/03/2014   346.022 M34L(3) 329378 17/09/2023 Books
        VIVEKANANDA LIBRARY VIVEKANANDA LIBRARY 13/03/2014   346.022 M34L(3) 329379 17/09/2023 Books
        VIVEKANANDA LIBRARY VIVEKANANDA LIBRARY 13/03/2014   346.022 M34L(3) 329380 17/09/2023 Books
        VIVEKANANDA LIBRARY VIVEKANANDA LIBRARY 13/03/2014 1 346.022 M34L(3) 329381 12/05/2025 Books
        VIVEKANANDA LIBRARY VIVEKANANDA LIBRARY 13/03/2014   346.022 M34L(3) 329382 17/09/2023 Books
        VIVEKANANDA LIBRARY VIVEKANANDA LIBRARY 13/03/2014   346.022 M34L(3) 329383 17/09/2023 Books
        VIVEKANANDA LIBRARY VIVEKANANDA LIBRARY 13/03/2014   346.022 M34L(3) 329384 17/09/2023 Books
        VIVEKANANDA LIBRARY VIVEKANANDA LIBRARY 13/03/2014   346.022 M34L(3) 329385 17/09/2023 Books
        VIVEKANANDA LIBRARY VIVEKANANDA LIBRARY 13/03/2014   346.022 M34L(3) 329386 17/09/2023 Books
© Designed and Maintained by Vivekananda Library, MDU Rohtak